| Tag |
First Indicator |
Second Indicator |
Subfields |
| LEADER |
00000cam a2200000 a 4500 |
| 001 |
in00001482313 |
| 005 |
20151021063244.0 |
| 008 |
980317s1999 waua b 100 0 eng |
| 010 |
|
|
|a 98016774
|
| 020 |
|
|
|a 0889371970
|
| 035 |
|
|
|a (OCoLC)38842155
|
| 035 |
|
|
|9 AJG3648AM
|
| 040 |
|
|
|a DLC
|c DLC
|d YDX
|d OHX
|d TXA
|d UtOrBLW
|
| 049 |
|
|
|a TXAM
|
| 050 |
0 |
0 |
|a QP84
|b .G767 1999
|
| 072 |
|
7 |
|a BF
|2 lcco
|
| 082 |
0 |
0 |
|a 612.6/001/9
|2 21
|
| 245 |
0 |
0 |
|a Growth, stature, and psychosocial well-being /
|c Urs Eiholzer, Fritz Haverkamp, Linda Voss, editors.
|
| 264 |
|
1 |
|a Seattle :
|b Hogrefe & Huber,
|c [1999]
|
| 264 |
|
4 |
|c ©1999
|
| 300 |
|
|
|a xii, 201 pages :
|b illustrations ;
|c 24 cm.
|
| 336 |
|
|
|a text
|b txt
|2 rdacontent
|
| 337 |
|
|
|a unmediated
|b n
|2 rdamedia
|
| 338 |
|
|
|a volume
|b nc
|2 rdacarrier
|
| 500 |
|
|
|a Book is based on papers presented at a symposium.
|
| 504 |
|
|
|a Includes bibliographical references.
|
| 650 |
|
0 |
|a Stature, Short
|x Psychological aspects
|x Congresses.
|
| 650 |
|
0 |
|a Stature, Short
|x Social aspects
|x Congresses.
|
| 700 |
1 |
|
|a Eiholzer, Urs,
|d 1951-
|
| 700 |
1 |
|
|a Haverkamp, Fritz,
|d 1952-
|
| 700 |
1 |
|
|a Voss, Linda,
|d 1945-
|
| 948 |
|
|
|a c:ktn
|
| 999 |
|
|
|a MARS
|
| 999 |
f |
f |
|s 22e2c57a-fc43-300d-98b0-2618975ad9dc
|i 29156f4b-7738-31a5-9e95-e7ca2c750943
|t 0
|
| 952 |
f |
f |
|p ric
|a Texas A&M University
|b Rellis Campus
|c Joint Library Facility
|d Remote Storage
|t 0
|e QP84 .G767 1999
|h Library of Congress classification
|i unmediated -- volume
|m A14824254571
|
| 998 |
f |
f |
|a QP84 .G767 1999
|t 0
|l Remote Storage
|